The mystic quest: an introduction to Jewish mysticism
| Main Author: | |
|---|---|
| Format: | Print Book |
| Language: | English |
| Subito Delivery Service: | Order now. |
| Check availability: | HBZ Gateway |
| WorldCat: | WorldCat |
| Interlibrary Loan: | Interlibrary Loan for the Fachinformationsdienste (Specialized Information Services in Germany) |
| Published: |
Northvale, N.J. [u.a.]
Aronson
1988
|
| In: | Year: 1988 |
| Reviews: | [Rezension von: Ariel, David S., The Mystic Quest: An Introduction to Jewish Mysticism] (1991) (Kasimow, Harold, 1937 -)
|
| Standardized Subjects / Keyword chains: | B
Judaism
/ Mysticism
|
| Further subjects: | B
Cabala
History
B Mysticism B Judaism B Mysticism Judaism History |
| Online Access: |
Autorenbiografie (Publisher) Table of Contents |
MARC
| LEADER | 00000cam a2200000 c 4500 | ||
|---|---|---|---|
| 001 | 275189953 | ||
| 003 | DE-627 | ||
| 005 | 20251222212757.0 | ||
| 007 | tu | ||
| 008 | 990101s1988 xxu||||| 00| ||eng c | ||
| 010 | |a 88010431 | ||
| 020 | |a 0876689284 |9 0-87668-928-4 | ||
| 035 | |a (DE-627)275189953 | ||
| 035 | |a (DE-603)012096466 | ||
| 035 | |a (DE-576)017635640 | ||
| 035 | |a (DE-599)GBV275189953 | ||
| 035 | |a (OCoLC)242714731 | ||
| 035 | |a (OCoLC)17766357 | ||
| 035 | |a (DE-604)8013080016 | ||
| 040 | |a DE-627 |b ger |c DE-627 |e rakwb | ||
| 041 | |a eng | ||
| 044 | |c XD-US | ||
| 050 | 0 | |a BM723 | |
| 082 | 0 | |a 296.7/1 |q LOC |2 19 | |
| 082 | 0 | |a 296.71 |2 DDC19oclc | |
| 084 | |a 0 |2 ssgn | ||
| 084 | |a BD 5850 |2 rvk |0 (DE-625)rvk/10180: | ||
| 084 | |a BD 1230 |2 rvk |0 (DE-625)rvk/9822: | ||
| 084 | |2 rvk |0 (DE-625)rvk10180 | ||
| 100 | 1 | |0 (DE-588)172630592 |0 (DE-627)697564797 |0 (DE-576)133489620 |4 aut |a Ariel, David S. |d 1949- | |
| 109 | |a Ariel, David S. 1949- |a Ariel, David 1949- | ||
| 245 | 1 | 4 | |a The mystic quest |b an introduction to Jewish mysticism |c David S. Ariel |
| 264 | 1 | |a Northvale, N.J. [u.a.] |b Aronson |c 1988 | |
| 300 | |a XVII, 237 S |b Ill., graph. Darst | ||
| 336 | |a Text |b txt |2 rdacontent | ||
| 337 | |a ohne Hilfsmittel zu benutzen |b n |2 rdamedia | ||
| 338 | |a Band |b nc |2 rdacarrier | ||
| 505 | 8 | |a Literaturverz. S. 223 - 227 | |
| 583 | 1 | |a Archivierung prüfen |c 20200919 |f DE-640 |z 3 |2 pdager | |
| 583 | 1 | |a Archivierung/Langzeitarchivierung gewährleistet |f SSG |x XA-DE-BW |2 pdager |5 DE-21 | |
| 650 | 0 | |a Mysticism |x Judaism |x History | |
| 650 | 0 | |a Cabala |x History | |
| 650 | 0 | 7 | |0 (DE-588)4041003-1 |0 (DE-627)104559519 |0 (DE-576)209043008 |a Mystik |2 gnd |
| 650 | 0 | 7 | |0 (DE-588)4114087-4 |0 (DE-627)104603151 |0 (DE-576)20948182X |a Judentum |2 gnd |
| 689 | 0 | 0 | |d s |0 (DE-588)4114087-4 |0 (DE-627)104603151 |0 (DE-576)20948182X |2 gnd |a Judentum |
| 689 | 0 | 1 | |d s |0 (DE-588)4041003-1 |0 (DE-627)104559519 |0 (DE-576)209043008 |2 gnd |a Mystik |
| 689 | 0 | |5 (DE-627) | |
| 787 | 0 | 8 | |i Rezensiert in |a Kasimow, Harold, 1937 - |t [Rezension von: Ariel, David S., The Mystic Quest: An Introduction to Jewish Mysticism] |d 1991 |w (DE-627)1824300174 |
| 856 | 4 | 2 | |u http://www.loc.gov/catdir/enhancements/fy1115/88010431-b.html |x Verlag |3 Autorenbiografie |7 1 |
| 856 | 4 | 2 | |u http://scans.hebis.de/HEBCGI/show.pl?01209646_toc.pdf |m V:DE-603;B:DE-30 |q application/pdf |3 Inhaltsverzeichnis |7 1 |
| 889 | |w (DE-627)1957097361 | ||
| 935 | |a mteo | ||
| 935 | |i Blocktest | ||
| 935 | |h HEB |i 0501 | ||
| 935 | |h HEB |i 0503 | ||
| 936 | r | v | |a BD 5850 |b Kabbalah (Gesamtdarstellungen zur Kabbalah) |k Theologie und Religionswissenschaften |k Judaistik |k Religions- und Kulturgeschichte der Juden |k Neuzeit (ca. 1500 bis zur Aufklärung (Haskalah)) |k Darstellungen |k Religions- und Geistesgeschichte |k Kabbalah (Gesamtdarstellungen zur Kabbalah) |0 (DE-627)1270717359 |0 (DE-625)rvk/10180: |0 (DE-576)200717359 |
| 936 | r | v | |a BD 1230 |b Religions- und Geistesgeschichte der Juden |k Theologie und Religionswissenschaften |k Judaistik |k Allgemeines |k Gesamtdarstellungen |k Religions- und Geistesgeschichte der Juden |0 (DE-627)1270714236 |0 (DE-625)rvk/9822: |0 (DE-576)200714236 |
| 936 | r | v | |0 (DE-625)rvk10180 |
| 936 | s | n | |a b100 |2 mzub |
| 951 | |a BO | ||
| ELC | |b 1 | ||
| ITA | |a 1 |t 1 | ||
| LOK | |0 000 xxxxxcx a22 zn 4500 | ||
| LOK | |0 001 3320529420 | ||
| LOK | |0 003 DE-627 | ||
| LOK | |0 004 275189953 | ||
| LOK | |0 005 20130326170617 | ||
| LOK | |0 008 890502||||||||||||||||ger||||||| | ||
| LOK | |0 040 |a DE-21 |c DE-627 |d DE-21 | ||
| LOK | |0 852 |a DE-21 | ||
| LOK | |0 852 1 |c 29 A 1828 |9 00 | ||
| LOK | |0 935 |a vord |a theo |a theo | ||
| LOK | |0 936ln |a t13 | ||
| LOK | |0 936ln |a v4.3 | ||
| LOK | |0 939 |a 1989-05-02 |b l01 | ||
| ORI | |a TA-MARC-ixtheoa001.raw | ||
| REL | |a 1 | ||
| STA | 0 | 0 | |a Judaism,Judaism,Judaism in literature,Mysticism,Mysticism,Mysticism in literature,Mysticism in art,Mysticism and literature,Mysticism and poetry |
| STB | 0 | 0 | |a Judaïsme,Judaïsme,Mystique,Mystique,Mystique et littérature,Mystique et poésie |
| STC | 0 | 0 | |a Judaísmo,Judaísmo,Mística,Mística,Literatura mística,Misticismo,Misticismo |
| STD | 0 | 0 | |a Ebraismo,Ebraismo,Mistica,Mistica |
| STE | 0 | 0 | |a 犹太教,犹太教,神秘主义,神秘主义,密契主义,密契主义 |
| STF | 0 | 0 | |a 猶太教,猶太教,神秘主義,神秘主義,密契主義,密契主義 |
| STG | 0 | 0 | |a Judaísmo,Judaísmo,Mística,Mística |
| STH | 0 | 0 | |a Иудаизм (мотив),Иудаизм,Мистика (мотив),Мистика |
| STI | 0 | 0 | |a Ιουδαϊσμός (μοτίβο),Ιουδαϊσμός,Μυστικισμός <μοτίβο>,Μυστικισμός,Αποκρυφισμός (μοτίβο) |
| SUB | |a REL | ||
| SYE | 0 | 0 | |a Judaism,Judaismus,Jüdische Religion,Zionism,Zionismus,Jüdische Religion,Judaismus,Jüdische Religion,Judaismus |
| SYG | 0 | 0 | |a Judaism,Judaismus,Jüdische Religion,Zionism,Zionismus,Jüdische Religion,Judaismus,Jüdische Religion,Judaismus |



